Criminalística 1/ (Registro nro. 8606)

Detalles MARC
000 -LEADER
fixed length control field 01599nam a2200205Ia 4500
005 - FECHA Y HORA DE LA ÚLTIMA TRANSACCIÓN
control field 20230719114550.0
008 - FIXED-LENGTH DATA ELEMENTS--GENERAL INFORMATION
fixed length control field 230712s9999 xx 000 0 und d
020 ## - INTERNATIONAL STANDARD BOOK NUMBER
International Standard Book Number 9681865464
040 ## - CATALOGING SOURCE
Original cataloging agency UPAN
Transcribing agency Biblioteca San Vicente
Description conventions RCAA2
041 ## - LANGUAGE CODE
Language code of text/sound track or separate title spa
082 ## - DEWEY DECIMAL CLASSIFICATION NUMBER
Classification number 363.25
Item number M668c
año de publicación 1996
100 ## - MAIN ENTRY--PERSONAL NAME
Personal name Montiel Sosa, Juventino
Relator code aut.
245 #0 - TITLE STATEMENT
Title Criminalística 1/
Statement of responsibility, etc Juventino Montiel Sosa
250 ## - EDITION STATEMENT
Edition statement 2° ed.
260 ## - PUBLICATION, DISTRIBUTION, ETC. (IMPRINT)
Place of publication, distribution, etc México:
Name of publisher, distributor, etc Limusa,
Date of publication, distribution, etc 2006
300 ## - PHYSICAL DESCRIPTION
Extent 330 p.;
Dimensions 26 cm.
505 ## - FORMATTED CONTENTS NOTE
Formatted contents note 1. Resumen histórico<br/>2. Confusión respecto a la criminalística con otras ciencias penales y forenses<br/>3. Definición y objetos de la Criminalística<br/>4. Criminalística general <br/>5. Indicio en general<br/>6. Huellas y manchas<br/>7. Otro tipo de manchas e indicios biológicos<br/>8. Manchas de sangre<br/>9. El lugar de los hechos<br/>10. Metodología general de investigación en el lugar<br/>11. Fijación del lugar en los hechos<br/>12. Colección de indicios en el lugar de los hechos<br/>13. Posiciones de cadáveres<br/>14. Conceptos metodológicos de la investigación criminalista en el laboratorio <br/>15. Resultados de la aplicación metodológica de la criminalística en el lugar de los hechos y en el laboratorio <br/>16. Signos de forcejeo, lucha y defensa<br/>17. La investigación criminalística en hechos de transito terrestre <br/>18. Intervención de la criminalística en un hecho de arma de fuego <br/>19. Fenómenos físicos y químicos en el disparo de arma de fuego<br/>20. Conceptos generales de la investigación criminalística con análisis instrumental <br/>
650 ## - SUBJECT ADDED ENTRY--TOPICAL TERM
Source of heading or term LEMB
General subdivision Criminología
942 ## - ADDED ENTRY ELEMENTS (KOHA)
Koha item type Libros
Source of classification or shelving scheme Dewey Decimal Classification
Existencias
Withdrawn status Lost status Source of classification or shelving scheme Damaged status Not for loan Collection code Home library Current library Date acquired Total Checkouts Full call number Barcode Date last seen Copy number Price effective from Koha item type
    Dewey Decimal Classification     Colección General Biblioteca UPAN San Vicente Biblioteca UPAN San Vicente 12/07/2023   363.25 M668c 12001181 12/07/2023 01 12/07/2023 Libros
    Dewey Decimal Classification     Colección General Biblioteca UPAN San Vicente Biblioteca UPAN San Vicente 19/07/2023   363.25 M668c 12002456 19/07/2023 01 19/07/2023 Libros
    Dewey Decimal Classification     Colección General Biblioteca UPAN San Vicente Biblioteca UPAN San Vicente 19/07/2023   363.25 M668c 12001180 19/07/2023 03 19/07/2023 Libros